000 00329nam a2200145Ia 4500
008 230711s9999||||xx |||||||||||||| ||und||
041 _aENG
082 _a624
_bRA-S
100 _aRaymond Bannister
245 0 _aSurveying
250 _a2nd
260 _c1986
_aNew Delhi
_bElbs Britain
650 _aCivil Engineering
942 _cBK
999 _c420
_d420